| 000 | 00981nam a22002415a 4500 | ||
|---|---|---|---|
| 003 | OSt | ||
| 005 | 20170309154554.0 | ||
| 008 | 170226s2010 ua frb 000 0 ara d | ||
| 015 | _a2010 / 15887 | ||
| 020 | _a9789770464954 | ||
| 040 |
_aEG-ScBUE _bara _cEG-ScBUE |
||
| 043 | _af-ua--- | ||
| 082 | 0 | 4 |
_a342.62083 _bن ا ص _222 |
| 100 | 1 | _aناصف، حسام الدين فتحي. | |
| 245 | 1 | 0 |
_aمركز الأجانب : _bدراسة للنظرية العامة والقانون المصري المقارن : ملاحق للقانون المصري وقوانين الدول العربية / _cحسام الدين فتحي ناصف. |
| 260 |
_aالقاهرة : _bدار النهضة العربية، _c2010. |
||
| 300 |
_a441 ص. ؛ _c24 سم. |
||
| 504 | _aيشتمل على إرجاعات ببليوجرافية. | ||
| 650 | 7 |
_aالأجانب _xوضع قانوني، قوانين، إلخ. _zمصر. _2BUEsh |
|
| 651 | _2BUEsh | ||
| 653 |
_bLLAAWW _cMarch2017 |
||
| 942 | _2ddc | ||
| 999 |
_c24348 _d24320 |
||